000 00369 a2200157 4500
001 61257
020 _a9783126762311
040 _cAnchieta - Pituba
100 _aHohmann, Sandra
240 1 0 _aEinfach schreiben!
_lpor
245 1 0 _aEinfach schreiben!
300 _a64
362 0 _a2011
650 4 _aLínguas germânicas (teutônicas) língua alemã
942 _cBK
999 _c61257
_d61257